Paths to successful development : Personality in the life course

The influence of the lifespan approach has been an important feature of recent research in developmental psychology, as has a growing interest in the relationship between personality and development. This important new book, edited by two distinguished psychologists and including the work of many of...

詳細記述

保存先:
書誌詳細
フォーマット: 図書
言語:Undetermined
出版事項: Cambridge, U.K.,New York Cambridge University Press 2002
主題:
タグ: タグ追加
タグなし, このレコードへの初めてのタグを付けませんか!
Thư viện lưu trữ: Trung tâm Học liệu Trường Đại học Cần Thơ
LEADER 01273nam a2200217Ia 4500
001 CTU_172729
008 210402s9999 xx 000 0 und d
020 |c 44.44 
082 |a 155.2 
082 |b P294 
245 0 |a Paths to successful development : 
245 0 |b Personality in the life course 
245 0 |c Edited by Lea Pulkkinen and Avshalom Caspi 
260 |a Cambridge, U.K.,New York 
260 |b Cambridge University Press 
260 |c 2002 
520 |a The influence of the lifespan approach has been an important feature of recent research in developmental psychology, as has a growing interest in the relationship between personality and development. This important new book, edited by two distinguished psychologists and including the work of many of the leading figures in the field, explores the relationship between personality and devleopment and is unique in focussing on successful development, where developmental psychology in the past seems to have focussed almost entirely on problem behaviour and risk of maladaption. 
650 |a Personality development,Developmental psychology,Phát triển tâm lý,Phát triển nhân cách 
904 |i Qhieu 
910 |a uyen 
980 |a Trung tâm Học liệu Trường Đại học Cần Thơ